000 002500000a22000970004500
100 1 _aPagán, Samuel
245 1 0 _aíLevántate y resplandece!
300 _aVol. 57, Núm 256 (2002), Páginas 20-22
773 0 _tLa Biblia de las Américas
942 _cANA
999 _c51684
_d51684